000 02613nam0a2200349 4500
001 RU\NLR\BIBL_A\012432227
005 20210204121539.0
010 _a978-5-907266-28-5
_9100
021 _aRU
_bКН-П-20-055800
_9КН-П-20-4160
035 _a(NLR Aleph) 012432227
035 _a(RuMoRGB)010426085
090 _a11882319
_c11882319
100 _a20210114d2020 u y0rusy50 ca
101 0 _arus
_aeng
102 _aRU
105 _aa|||j|||000zy
181 0 _ai
_baxxe
182 0 _an
200 1 _aАнглийский в сфере туризма и гостиничного дела: интегрированный подход к обучению английскому языку студентов гуманитарного профиля
_dEnglish for tourism and hospitality: integrated approach in teaching English to students of humanitarian faculties
_eучебно-методическое пособие
_e[преподавателям и студентам, изучающим английский язык на неязыковых специальностях в вузах]
_fЕ. А. Николашина
_gМинистерство науки и высшего образования Российской Федерации, Федеральное государственное бюджетное образовательное учреждение высшего образования "Рязанский государственный университет имени С. А. Есенина"
_zeng
203 _aТекст
_bвизуальный
_cнепосредственный
210 _aРязань
_cФедеральное государственное бюджетное образовательное учреждение высшего образования "Рязанский государственный университет имени С. А. Есенина"
_d2020
215 _a83 с.
_cил., цв. ил., табл.
_d20
320 _aБиблиогр.: с. 82 (14 назв.)
510 1 _aEnglish for tourism and hospitality: integrated approach in teaching English to students of humanitarian faculties
_zeng
606 1 _aАнглийский язык
_xУчебные издания для специалистов в области гостиничного бизнеса
_92524853
_3RU\NLR\AUTH\661495881
686 1 _aШ143.21-93рус329.53
700 1 _aНиколашина
_bЕ. А.
_gЕкатерина Анатольевна
942 _cBOOK
980 _aNBR
980 _aNB